000 00315nam a2200109Ia 4500
008 171211s9999 xx 000 0 und d
245 4 _aThe Cool and the Crazy: Pop Fifties Cinema
245 _cProfessor Peter Stanfield
260 _c2015
650 _xcinema
856 _uhttp://down.ebook777.com/064/0813572983.pdf
999 _c348726
_d348726